Konkani christians of coastal karnataka in anglo-mysore relations. (1761-1799 A.D.) (Record no. 102533)
[ view plain ]
| 000 -LEADER | |
|---|---|
| fixed length control field | 00776nam a2200217Ia 4500 |
| 003 - CONTROL NUMBER IDENTIFIER | |
| control field | OSt |
| 005 - DATE AND TIME OF LATEST TRANSACTION | |
| control field | 20260603150142.0 |
| 008 - FIXED-LENGTH DATA ELEMENTS--GENERAL INFORMATION | |
| fixed length control field | 210210b1999 xxu||||| |||| 00| 0 eng d |
| 040 ## - CATALOGING SOURCE | |
| Transcribing agency | AL |
| 041 ## - LANGUAGE CODE | |
| Language code of text/sound track or separate title | English |
| 082 ## - DEWEY DECIMAL CLASSIFICATION NUMBER | |
| Classification number | 954.87 PINK |
| 100 ## - MAIN ENTRY--PERSONAL NAME | |
| Personal name | PINTO (Pius Fidelis). |
| 9 (RLIN) | 68080 |
| 245 ## - TITLE STATEMENT | |
| Title | Konkani christians of coastal karnataka in anglo-mysore relations. (1761-1799 A.D.) |
| 260 ## - PUBLICATION, DISTRIBUTION, ETC. | |
| Name of publisher, distributor, etc. | Samanvaya Prakashana |
| Date of publication, distribution, etc. | 1999 |
| 300 ## - PHYSICAL DESCRIPTION | |
| Extent | 172 |
| 520 ## - SUMMARY, ETC. | |
| Summary, etc. | CONTENTS<br/>I. Introduction<br/>II. Konkani Christians, The British and Hyder Ali<br/>III. Konkani Christians, The British and Tipu Sultan<br/>IV. The Captivity of the Konkani Christians in 1784<br/>V. Conclusion |
| 650 ## - SUBJECT ADDED ENTRY--TOPICAL TERM | |
| Topical term or geographic name entry element | Konkani Christians |
| 9 (RLIN) | 68081 |
| 690 ## - LOCAL SUBJECT ADDED ENTRY--TOPICAL TERM (OCLC, RLIN) | |
| Topical term or geographic name as entry element | Karnataka Histor |
| 9 (RLIN) | 68082 |
| 906 ## - LOCAL DATA ELEMENT F, LDF (RLIN) | |
| a | 05472 |
| 942 ## - ADDED ENTRY ELEMENTS (KOHA) | |
| Source of classification or shelving scheme | Dewey Decimal Classification |
| Koha item type | Book |
| Withdrawn status | Lost status | Source of classification or shelving scheme | Damaged status | Not for loan | Collection code | Home library | Current library | Date acquired | Cost, normal purchase price | Total Checkouts | Full call number | Barcode | Date last seen | Date last checked out | Price effective from | Koha item type |
|---|---|---|---|---|---|---|---|---|---|---|---|---|---|---|---|---|
| Dewey Decimal Classification | Restricted Book | History | St Aloysius Library | St Aloysius Library | 02/17/2021 | 140.00 | 1 | 954.87 PINK | 054725 | 03/19/2024 | 03/04/2024 | 02/17/2021 | Book | |||
| Dewey Decimal Classification | History | St Aloysius Library | St Aloysius Library | 02/17/2021 | 140.00 | 954.87 PINK | 054726 | 02/17/2021 | 02/17/2021 | Book |